Guess the Fusion Rock Song Lyrics #113 - Statistics

General Stats
  • This quiz has been taken 14 times
  • The average score is 152 of 243
Answer Stats
Answer % Correct
I
100%
in
100%
In
100%
my
100%
My
100%
The
100%
the
100%
a
91%
and
91%
And
91%
be
91%
it
91%
it's
91%
It's
91%
love
91%
to
91%
To
91%
Too
91%
When
91%
you
91%
your
91%
about
82%
By
82%
by
82%
Ever
82%
ever
82%
Have
82%
I'm
82%
not
82%
Oh
82%
think
82%
will
82%
Will
82%
always
73%
could
73%
From
73%
had
73%
here
73%
How
73%
I've
73%
so
73%
There
73%
we
73%
We
73%
what
73%
why
73%
are
64%
baby
64%
just
64%
late
64%
Now
64%
Only
64%
only
64%
right
64%
Right
64%
side
64%
That
64%
again
55%
never
55%
over
55%
been
45%
gone
45%
keep
45%
mind
45%
say
45%
Though
45%
Won't
45%
find
36%
long
36%
loving
36%
share
36%
smile
36%
thought
36%
through
36%
together
36%
we've
36%
alone
27%
believe
27%
dreaming
27%
Looking
27%
real
27%
sweet
27%
thoughts
27%
try
27%
use
27%
hard
18%
Memories
18%
Such
18%
wondering
18%
captured
9%
free
9%
realize
9%
shared
9%
Since
9%
aside
0%
climb
0%
cried
0%
embrace
0%
empty
0%
evenings
0%
fun
0%
George Duke and Stanley Clarke
0%
hoping
0%
keeps
0%
laughed
0%
Lying
0%
road
0%
set
0%
Sunday
0%
wanderin
0%
Wandering
0%
No matching quizzes found
Score Distribution
Percent of People with Each Score
Percentile by Number Answered
Your Score History
You have not taken this quiz